Intercultural communication : (Record no. 2845)
[ view plain ]
| 000 -LEADER | |
|---|---|
| fixed length control field | 01964cam a22003494a 4500 |
| 001 - CONTROL NUMBER | |
| control field | 16657062 |
| 003 - CONTROL NUMBER IDENTIFIER | |
| control field | OSt |
| 005 - DATE AND TIME OF LATEST TRANSACTION | |
| control field | 20180117085950.0 |
| 008 - FIXED-LENGTH DATA ELEMENTS--GENERAL INFORMATION | |
| fixed length control field | 110217s2011 caua b 001 0 eng |
| 010 ## - LIBRARY OF CONGRESS CONTROL NUMBER | |
| LC control number | 2011006872 |
| 020 ## - INTERNATIONAL STANDARD BOOK NUMBER | |
| International Standard Book Number | 9788132106340 (hard back) |
| 020 ## - INTERNATIONAL STANDARD BOOK NUMBER | |
| International Standard Book Number | 8132106342 (hard back) |
| 035 ## - SYSTEM CONTROL NUMBER | |
| System control number | (OCoLC)ocn703623700 |
| 040 ## - CATALOGING SOURCE | |
| Original cataloging agency | DLC |
| Transcribing agency | DLC |
| Modifying agency | YDX |
| -- | YDXCP |
| -- | BWX |
| -- | DKAGE |
| -- | DLC |
| 042 ## - AUTHENTICATION CODE | |
| Authentication code | pcc |
| 050 00 - LIBRARY OF CONGRESS CALL NUMBER | |
| Classification number | HM1211 |
| Item number | .P38 2011 |
| 082 00 - DEWEY DECIMAL CLASSIFICATION NUMBER | |
| Classification number | 303.48/2 |
| Edition number | 22 |
| 100 1# - MAIN ENTRY--PERSONAL NAME | |
| Personal name | Patel, Fay. |
| 245 10 - TITLE STATEMENT | |
| Title | Intercultural communication : |
| Remainder of title | building a global community / |
| Statement of responsibility, etc. | Fay Patel, Mingsheng Li, Prahalad Sooknanan. |
| 260 ## - PUBLICATION, DISTRIBUTION, ETC. | |
| Place of publication, distribution, etc. | Thousand Oaks, Calif. : |
| Name of publisher, distributor, etc. | SAGE, |
| Date of publication, distribution, etc. | 2011. |
| 300 ## - PHYSICAL DESCRIPTION | |
| Extent | xxii, 201 p. : |
| Other physical details | ill. ; |
| Dimensions | 23 cm. |
| 504 ## - BIBLIOGRAPHY, ETC. NOTE | |
| Bibliography, etc. note | Includes bibliographical references (p. 181-193) and index. |
| 505 0# - FORMATTED CONTENTS NOTE | |
| Formatted contents note | Concepts in intercultural communication -- Building a global community -- Overview of intercultural communication -- Exploring surface and deep levels of intercultural communication -- Global community engagement -- Education for the global citizen -- Intercultural communication in the global workplace -- Cultural perceptions on environment and global contexts -- Technology as cultural power and its social impact -- Critical issues in intercultural communication -- Intercultural communication in practice : challenges and barriers -- Critical perspectives in intercultural communication events -- Family -- Religion -- History -- Culture, gender, and race. |
| 650 #0 - SUBJECT ADDED ENTRY--TOPICAL TERM | |
| Topical term or geographic name entry element | Intercultural communication. |
| 650 #0 - SUBJECT ADDED ENTRY--TOPICAL TERM | |
| Topical term or geographic name entry element | Globalization |
| General subdivision | Social aspects. |
| 700 1# - ADDED ENTRY--PERSONAL NAME | |
| Personal name | Li, Mingsheng, |
| Dates associated with a name | 1957- |
| 700 1# - ADDED ENTRY--PERSONAL NAME | |
| Personal name | Sooknanan, Prahalad. |
| 906 ## - LOCAL DATA ELEMENT F, LDF (RLIN) | |
| a | 7 |
| b | cbc |
| c | orignew |
| d | 1 |
| e | ecip |
| f | 20 |
| g | y-gencatlg |
| 942 ## - ADDED ENTRY ELEMENTS (KOHA) | |
| Source of classification or shelving scheme | |
| Koha item type | Book |
| Withdrawn status | Lost status | Source of classification or shelving scheme | Damaged status | Not for loan | Collection code | Permanent Location | Current Location | Shelving location | Date acquired | Total Checkouts | Full call number | Barcode | Date last seen | Date last checked out | Price effective from | Koha item type |
|---|---|---|---|---|---|---|---|---|---|---|---|---|---|---|---|---|
| Central Library (CL) | Central Library (CL) | General Stacks | 03/21/2016 | 1 | 303.48/2 PAT | S3H-S-457 | 07/27/2019 | 03/18/2019 | 03/21/2016 | Book |
